000 00667nam a22002052 4500
001 0000024435
005 20151217161203.0
008 131016s xx 000 0 eng d
040 _aKABU
_cKABU
110 2 _aInstitution of Engineers of Kenya.
_@0000184552
245 1 0 _a40 years of progress in Kenya /
_cIEK.
250 _a1st ed.
260 _aNairobi :
_bIntercontinental Publishers,
_c2012.
300 _a224 p.
650 0 _aInfrastructure (Economics)
_zKenya.
_@0000152898
651 0 _aKenya
_xEconomic conditions
_y21st Century.
_@0000178103
852 1 _9p1000 KES
908 _a131016
950 _@1
999 _c15299
_d15299